00665nam a2200145 a 4500008004100000050001600041100001900057245005700076260003800133300002200171350000900193995015000202995015000352999001700502120416s1981 ||||||||||||||||| || u aTH 1000 Rus aRussell, Barry10aBuilding systems, industrialization and architecture aLondonbJohn Wiley and Sonsc1981 axii, 758p. : ill. a0.00 aANNEX COLLECTION (Main Library)D0.00e708656FCBU-MAIN LIBRARY (Kitwe)H1I37.00jTH 1000 RusM1UAVAILABLEy014891ZAnnex Low-Usage Collection  aANNEX COLLECTION (Main Library)D0.00e708655FCBU-MAIN LIBRARY (Kitwe)H2I37.00jTH 1000 RusM2UAVAILABLEy014892ZAnnex Low-Usage Collection  c78949d78949